[Event "SEMI Scotch theme corr"]
[Site "SEMI email"]
[Date "1999.??.??"]
[Round "?"]
[White "Houlichian, Elie"]
[Black "Hucks, Lewis A"]
[Result "0-1"]
[WhiteElo "1000"]
[BlackElo "1903"]
[PlyCount "89"]
[EventDate "1999.03.15"]
[EventType "tourn (corr)"]
[EventRounds "8"]
[EventCountry "ITA"]
[SourceTitle "Corr 2008"]
[Source "ChessBase"]
[SourceDate "2008.06.24"]
[SourceVersion "1"]
[SourceVersionDate "2008.06.24"]
[SourceQuality "1"]

1. e4 e5 2. Nf3 Nc6 3. d4 exd4 4. Nxd4 Nf6 5. Nxc6 bxc6 6. Nc3 Bb4 7. Bd3 d5 8. exd5 cxd5 9. 0-0 0-0 10. Bg5 c6 11. Qf3 Be7 12. h3 Be6 13. Ne2 h6 14. Bf4 c5 15. c3 Qb6 16. b3 Rfe8 17. Rfe1 Rad8 18. Rad1 Qa5 19. Bxh6 gxh6 20. Nf4 Bc8 21. a4 Bf8 22. Rxe8 Rxe8 23. Bb5 Rd8 24. Nxd5 Nxd5 25. Rxd5 Rxd5 26. Qxd5 Qxc3 27. Qd1 Be6 28. Bc4 Qd4 29. Qc1 Bxc4 30. Qxc4 Qd1+ 31. Kh2 Bd6+ 32. g3 Qf3 33. Kg1 Kg7 34. a5 Kf6 35. h4 Ke5 36. g4 Qf4 37. Qe2+ Qe4 38. Qxe4+ Kxe4 39. h5 Bf4 40. Kg2 a6 41. Kg1 Kf3 42. Kf1 Kxg4 43. Kg2 Bd2 44. Kh2 Bxa5 45. Kg2 0-1

[Event "SEMI Scotch theme corr"]
[Site "SEMI email"]
[Date "1999.??.??"]
[Round "?"]
[White "Viola, Matteo"]
[Black "Houlichian, Elie"]
[Result "1-0"]
[WhiteElo "1880"]
[BlackElo "1000"]
[PlyCount "131"]
[EventDate "1999.03.15"]
[EventType "tourn (corr)"]
[EventRounds "8"]
[EventCountry "ITA"]
[SourceTitle "Corr 2008"]
[Source "ChessBase"]
[SourceDate "2008.06.24"]
[SourceVersion "1"]
[SourceVersionDate "2008.06.24"]
[SourceQuality "1"]

1. e4 e5 2. Nf3 Nc6 3. d4 exd4 4. Nxd4 Nf6 5. Nxc6 bxc6 6. e5 Qe7 7. Qe2 Nd5 8. c4 Ba6 9. b3 Qh4 10. Bb2 Bb4+ 11. Kd1 Nf4 12. Qe4 Qxf2 13. Bd4 Qh4 14. c5 Qh5+ 15. g4 Qxg4+ 16. Kc2 Be2 17. Bxe2 Qxe2+ 18. Qxe2 Nxe2 19. Be3 f5 20. a3 f4 21. Bf2 Ba5 22. b4 Bb6 23. cxb6 axb6 24. Nd2 Rf8 25. Kd3 f3 26. Be3 g5 27. Bxg5 c5 28. bxc5 bxc5 29. Rhf1 Nd4 30. Bf6 d6 31. Nxf3 Nxf3 32. Rxf3 Kd7 33. Re3 dxe5 34. Bxe5 Ra4 35. Kc2 Kc6 36. Bg3 Rf7 37. Rae1 Kb5 38. Rb3+ Kc6 39. Re6+ Kd7 40. Rh6 Re4 41. Rd3+ Kc8 42. Rc6 h5 43. Rxc5 h4 44. Re5 Rg4 45. Be1 Rg2+ 46. Rd2 Rg4 47. Rh5 Rc4+ 48. Kb3 Rff4 49. Re2 Kd7 50. Ba5 Kd6 51. Rh7 Rfe4 52. Rxe4 Rxe4 53. Bxc7+ Kc6 54. Bd8 Re3+ 55. Kb4 Re4+ 56. Ka5 Re3 57. a4 h3 58. Bc7 Rd3 59. Bg3 Rd5+ 60. Ka6 Rd8 61. Rh6+ Kc5 62. a5 Re8 63. Kb7 Re2 64. Bc7 Kd5 65. a6 Ra2 66. a7 1-0